000 00762nas a2200265 4500
001 BR9208779
003 BR-BrBNA
005 20231205093149.0
007 ta
008 230509b bl.|||p| |||| 00| 00por d
040 _aBR-BrBNA
_bpor
_cBiblioteca Nacional de Agricultura
041 _a(Pt)
072 _aL02
100 1 _aSilva, L.R.M. da
100 1 _aTorres, J.R.
100 1 _aPenna, V.M.
100 1 _aMonteiro, L.A.
245 1 _aCausas de variacao do peso ao nascimento em animais da raca nelore
650 _aGADO NELORE
650 _aBEZERRO
650 _aGANHO DE PESO
773 0 _tZootecnia (Brazil)
_xISSN 0044-5320
_g(Jul-Sep 1985), v. 23(3) p. 177-211
_wBR9208779
909 _a202311
_bLúcia
_c55
_dLúcia Elande
942 _2AGRIS
_n0
_cANA
999 _c136573
_d136573